| 000 | 01163cam a2200217 4500 | ||
|---|---|---|---|
| 001 | WB3819-07 | ||
| 008 | 020520n2002 000 0 eng u | ||
| 035 | _a(Sirsi) u118051 | ||
| 245 | _aPartnership boost for businesses | ||
| 260 | _c2002 | ||
| 490 |
_aDTI Press Release _v(P/2002/306) 17 May 2002, (3) |
||
| 520 | _aDTI commissioned research by the Policy Studies Institute reveals that partnership between management and unions can improve companies' financial performance in struggling markets. The study was conducted to establish whether different kinds of collective bargaining arrangements had different effects on workplace performance and is based on interviews with managers and employers. "Collective bargaining and workplace performance" is available at http://www.dti.gov.uk/er/emar/collective.pdf. http://www.nds.coi.gov.uk/coi/coipress.nsf/2b45e1e3ffe090ac802567350059d840/cf38b4288cb7eedd80256bbc004f1fa5?OpenDocument | ||
| 590 | _aWB | ||
| 650 | _aPARTNERSHIP | ||
| 650 | _aWORKPLACE | ||
| 650 | _aTRADE UNIONS | ||
| 650 | _aMANAGEMENT | ||
| 650 | _aEMPLOYMENT RELATIONS | ||
| 690 | _aMANAGEMENT-BUSINESS MANAGEMENT | ||
| 942 | _n0 | ||
| 999 |
_c70294 _d70294 |
||